<?xml version="1.0" encoding="UTF-8"?>
<marc:record xmlns:marc="http://www.loc.gov/MARC21/slim">
   <marc:leader>00000nam a2200000 a 4500</marc:leader>
   <marc:datafield ind1="1" ind2=" " tag="100">
      <marc:subfield code="a">Bittscheidt, Wolfgang</marc:subfield>
      <marc:subfield code="4">aut</marc:subfield>
      <marc:subfield code="e">Verfasser/-in</marc:subfield>
   </marc:datafield>
   <marc:datafield ind1=" " ind2=" " tag="653">
      <marc:subfield code="a">Hörbuch</marc:subfield>
   </marc:datafield>
   <marc:datafield ind1=" " ind2=" " tag="653">
      <marc:subfield code="a">CD</marc:subfield>
   </marc:datafield>
   <marc:datafield ind1=" " ind2=" " tag="653">
      <marc:subfield code="a">geistige Themen</marc:subfield>
   </marc:datafield>
   <marc:datafield ind1=" " ind2=" " tag="653">
      <marc:subfield code="a">Heilung</marc:subfield>
   </marc:datafield>
   <marc:datafield ind1="0" ind2="0" tag="245">
      <marc:subfield code="a">Geistiges Heilen</marc:subfield>
   </marc:datafield>
   <marc:datafield ind1="0" ind2="0" tag="245">
      <marc:subfield code="b">Autorisierte Hörfassung</marc:subfield>
   </marc:datafield>
   <marc:datafield ind1=" " ind2="1" tag="264">
      <marc:subfield code="b">Steinbach Sprechende Bücher</marc:subfield>
      <marc:subfield code="c">2012</marc:subfield>
   </marc:datafield>
   <marc:datafield ind1="1" ind2=" " tag="520">
      <marc:subfield code="a">Klappentext: Kein Arzt oder Medikament kann dem Schulmediziner Wolfgang Bittscheidt helfen, als er an einer lebensbedrohlichen Hepatitis erkrankt - da wendet er sich an geistige Heiler und wird gesund. Woher kommt diese hochwirksame Kraft und wie funktioniert sie? Das Hörbuch bündelt die Erfahrungen des Autors als energetisch arbeitender Arzt, angefangen mit diesem Schlüsselerlebnis. Eine spannende Reise, die konservative Medizin, Selbstheilungskräfte und die Rückbesinnung auf unseren Lebenssinn miteinander verbindet.  Über den Autor und weitere Mitwirkende Dr. med. W. Bittscheidt, seit 1978 Chirotherapeut und Arzt für Orthopädie, beschäftigt sich seit 1997 mit Geistigen Heilweisen, die er seit 2003 auch therapeutisch in eigener Privatpraxis in Meckenheim, anwendet.http://www.arzt-und-heiler.com/</marc:subfield>
   </marc:datafield>
   <marc:datafield ind1=" " ind2=" " tag="020">
      <marc:subfield code="a">9783862660452</marc:subfield>
      <marc:subfield code="9">9783862660452</marc:subfield>
   </marc:datafield>
</marc:record>
